[Event "ZMDI-Open 2013"]
[Site "Dresden"]
[Date "2013.08.10"]
[Round "1"]
[White "Petzold, G."]
[Black "Niegsch, N."]
[Result "1-0"]
[WhiteElo "2238"]
[BlackElo "2004"]
[PlyCount "85"]
[EventDate "2013.??.??"]

1. d4 Nf6 2. Nf3 g6 3. g3 Bg7 4. Bg2 O-O 5. O-O d6 6. b3 Nc6 7. Bb2 e5 8. dxe5
Ng4 9. Nbd2 Ngxe5 10. Qc1 Re8 11. Nxe5 Nxe5 12. Nf3 Nc6 13. Bxg7 Kxg7 14. Qd2
Qf6 15. Rad1 Bd7 16. Rfe1 a5 17. Nd4 Nxd4 18. Qxd4 Bc6 19. Bxc6 bxc6 20. Qxf6+
Kxf6 21. Rd4 c5 22. Ra4 h5 23. e3 Reb8 24. c3 Ke5 25. e4 g5 26. f3 Rh8 27. Rd1
c6 28. Rf1 h4 29. f4+ gxf4 30. Rxf4 hxg3 31. hxg3 Rh3 32. Kg2 Rah8 33. Rxf7
Rh2+ 34. Kf3 Rc2 35. Rf5+ Ke6 36. Rxa5 Rxc3+ 37. Kf4 Rg8 38. e5 Rgxg3 39. Rf6+
Ke7 40. Ra7+ Ke8 41. Kf5 Rge3 42. Rxd6 Rg3 43. Rh6 1-0

[Event "ZMDI-Open 2013"]
[Site "Dresden"]
[Date "2013.08.10"]
[Round "1"]
[White "Heinemann, J."]
[Black "Barthel, A."]
[Result "0-1"]
[WhiteElo "1987"]
[BlackElo "2230"]
[PlyCount "98"]
[EventDate "2013.??.??"]

1. e4 Nf6 2. e5 Nd5 3. d4 d6 4. c4 Nb6 5. exd6 cxd6 6. d5 e5 7. Nc3 Be7 8. Bd3
Na6 9. b3 O-O 10. Nge2 Nc5 11. Bc2 a5 12. O-O Bd7 13. Be3 f5 14. f4 e4 15. Qe1
Bf6 16. Qf2 Rc8 17. Rad1 Na8 18. Nd4 Nc7 19. a3 N7a6 20. Rb1 Re8 21. Rfd1 Qe7
22. Re1 g6 23. Ncb5 Nc7 24. Nxc7 Rxc7 25. Bd2 Qg7 26. Ne2 a4 27. Ba5 Rcc8 28.
Red1 axb3 29. Bxb3 Nxb3 30. Rxb3 Ba4 31. Rdb1 Bxb3 32. Rxb3 Rxc4 33. Qa7 Bd4+
34. Nxd4 Qxd4+ 35. Qxd4 Rxd4 36. Rxb7 e3 37. Rb1 e2 38. Re1 Rxd5 39. Bb4 Rd4
40. g3 d5 41. Kf2 Rde4 42. Ra1 d4 43. Be1 d3 44. Ra2 Ra8 45. Bd2 Rc8 46. Ke1
Rc2 47. Rxc2 dxc2 48. Bc1 Kf7 49. Bb2 Ke6 0-1

[Event "ZMDI-Open 2013"]
[Site "Dresden"]
[Date "2013.08.10"]
[Round "1"]
[White "Bogomolow, S."]
[Black "Hansch, S."]
[Result "1-0"]
[WhiteElo "2206"]
[BlackElo "1980"]
[PlyCount "85"]
[EventDate "2013.??.??"]

1. e4 c5 2. Nf3 d6 3. d4 cxd4 4. Nxd4 Nf6 5. Nc3 a6 6. Bg5 e6 7. f4 Be7 8. Qf3
Qc7 9. O-O-O Nbd7 10. g4 b5 11. Bg2 Bb7 12. Bxf6 Nxf6 13. g5 Nd7 14. Kb1 b4 15.
Nce2 Rc8 16. Rd2 Nc5 17. Ng3 a5 18. f5 e5 19. f6 gxf6 20. gxf6 exd4 21. fxe7
Qxe7 22. Re1 Qe5 23. Nf5 Ne6 24. h4 Rg8 25. Nh6 Rg7 26. Rf2 Rc7 27. Ng4 Qc5 28.
Nf6+ Kd8 29. Nd5 Rd7 30. Bh3 Rg6 31. h5 Rh6 32. Rg1 Kc8 33. Rg8+ Rd8 34. Qxf7
Bxd5 35. exd5 Qxd5 36. Bg2 Qb5 37. Rf5 Qb6 38. Rxa5 Nc7 39. Bh3+ Kb7 40. Rxd8
Qxa5 41. Bg2+ Kb6 42. Rb8+ Ka6 43. Ra8+ 1-0

[Event "ZMDI-Open 2013"]
[Site "Dresden"]
[Date "2013.08.10"]
[Round "1"]
[White "Gungl, T."]
[Black "Chlost, M."]
[Result "0-1"]
[WhiteElo "1948"]
[BlackElo "2183"]
[PlyCount "66"]
[EventDate "2013.??.??"]

1. e4 c5 2. Nf3 d6 3. d4 cxd4 4. Nxd4 Nf6 5. Nc3 a6 6. Bg5 e6 7. f4 Be7 8. Qf3
Qc7 9. O-O-O Nbd7 10. Bd3 Nc5 11. Rhe1 h6 12. Bxf6 Bxf6 13. Bc4 O-O 14. Bb3 b5
15. f5 b4 16. Nce2 e5 17. Bd5 exd4 18. Bxa8 d3 19. Rxd3 Qa5 20. Rb3 Qxa2 21.
Rxb4 Bg5+ 22. Nf4 Qa5 23. c3 Bxf4+ 24. Kc2 Be5 25. Bd5 Qc7 26. Rc4 Qd8 27. Rd1
Qh4 28. h3 a5 29. b4 axb4 30. Rxb4 Bd7 31. Rdb1 Ba4+ 32. Kd2 Qg5+ 33. Ke2 Bc2
0-1

[Event "ZMDI-Open 2013"]
[Site "Dresden"]
[Date "2013.08.10"]
[Round "1"]
[White "Steinert, F."]
[Black "Müller-Dehn, C."]
[Result "1/2-1/2"]
[WhiteElo "1931"]
[BlackElo "2181"]
[PlyCount "38"]
[EventDate "2013.??.??"]

1. e4 e6 2. d4 d5 3. e5 c5 4. c3 Nc6 5. Nf3 Bd7 6. Bd3 Rc8 7. dxc5 Bxc5 8. O-O
Qc7 9. b4 Bb6 10. Bf4 Nge7 11. Na3 a6 12. Qe2 f5 13. b5 Nb8 14. bxa6 bxa6 15.
Rab1 Bc5 16. Nc2 Qa7 17. Ncd4 Ng6 18. Bd2 O-O 19. Rb2 Bb6 1/2-1/2

[Event "ZMDI-Open 2013"]
[Site "Dresden"]
[Date "2013.08.10"]
[Round "1"]
[White "Böhm, R."]
[Black "Herbrig, T."]
[Result "1-0"]
[WhiteElo "2178"]
[BlackElo "1921"]
[PlyCount "105"]
[EventDate "2013.??.??"]

1. d4 d5 2. Nf3 c6 3. c4 Nf6 4. Nc3 e6 5. Bg5 Be7 6. e3 O-O 7. Qc2 Nbd7 8. Bd3
h6 9. Bh4 dxc4 10. Bxc4 Nd5 11. Bg3 N7b6 12. Be2 Nb4 13. Qb3 a5 14. a3 a4 15.
Qd1 N4d5 16. Rc1 Nxc3 17. Rxc3 Nd5 18. Rc1 Qa5+ 19. Qd2 Qb6 20. O-O Nf6 21. Qc2
Bd7 22. Ne5 Rfc8 23. Nc4 Qd8 24. Nd6 Bxd6 25. Bxd6 Be8 26. Bg3 Nd7 27. Rfd1 Qa5
28. Bf3 Nf6 29. h3 Nd5 30. e4 Ne7 31. Rd3 Ng6 32. Rc3 Rd8 33. Rc5 Qa7 34. Qc3
Qb6 35. Rc4 Qa6 36. Bd1 b5 37. Rc5 Nf8 38. Bc7 Rdc8 39. Bd6 Qb7 40. d5 exd5 41.
exd5 Ra6 42. Bf3 b4 43. axb4 a3 44. bxa3 Qa7 45. Bxf8 Kxf8 46. dxc6 Rxa3 47.
Qe5 Rc7 48. Qd6+ Kg8 49. Qd8 Kf8 50. Re1 Re7 51. Qxe7+ Qxe7 52. Rxe7 Kxe7 53.
c7 1-0

[Event "ZMDI-Open 2013"]
[Site "Dresden"]
[Date "2013.08.10"]
[Round "1"]
[White "Klaus, J."]
[Black "Vrublevskaya, O."]
[Result "0-1"]
[WhiteElo "1916"]
[BlackElo "2176"]
[PlyCount "82"]
[EventDate "2013.??.??"]

1. d4 Nf6 2. Nf3 g6 3. g3 Bg7 4. Bg2 O-O 5. O-O e6 6. Nbd2 Nc6 7. e4 e5 8. c3
exd4 9. cxd4 d5 10. e5 Ne4 11. Re1 Bf5 12. Nf1 f6 13. Bf4 fxe5 14. Nxe5 Nxe5
15. Bxe5 Bxe5 16. dxe5 c6 17. Qd4 Qb6 18. Qxb6 axb6 19. a3 Rae8 20. f4 g5 21.
Ne3 Bg6 22. Bxe4 Bxe4 23. Ng4 gxf4 24. gxf4 Rxf4 25. Nf6+ Kf7 26. Nxe8 Kxe8 27.
a4 Ke7 28. a5 bxa5 29. Rxa5 Ke6 30. Ra8 Kxe5 31. Rd8 Kd4 32. Rd7 Kd3 33. Rxb7
Kd2 34. Ra1 Ke2 35. Rba7 d4 36. b4 d3 37. h3 d2 38. Rd7 Bd5 39. b5 Rc4 40. Re7+
Be4 41. Kh2 cxb5 0-1

[Event "ZMDI-Open 2013"]
[Site "Dresden"]
[Date "2013.08.10"]
[Round "1"]
[White "Budzyn, M."]
[Black "Faldum, M."]
[Result "1-0"]
[WhiteElo "2167"]
[BlackElo "1886"]
[PlyCount "75"]
[EventDate "2013.??.??"]

1. e4 c5 2. c3 e6 3. d4 d5 4. e5 Qb6 5. Nf3 Bd7 6. Qb3 c4 7. Qc2 Qa5 8. Nbd2
Nc6 9. Be2 b5 10. b4 cxb3 11. Nxb3 Qb6 12. O-O Rc8 13. Be3 Na5 14. Nxa5 Qxa5
15. Bd2 Qc7 16. a4 a6 17. Rfb1 Rb8 18. axb5 axb5 19. Ra6 Ne7 20. Qa2 Nc8 21.
Ra5 Be7 22. Bxb5 O-O 23. Bd3 Rxb1+ 24. Bxb1 Nb6 25. Ra7 Qc6 26. Ra6 Bc8 27. Ra7
Bd7 28. Bd3 Rb8 29. Qb1 Qc8 30. Bxh7+ Kh8 31. Bd3 Na4 32. Qa1 Qc6 33. Ra6 Qb7
34. Rxa4 Bxa4 35. Qxa4 Ra8 36. Qd1 Qb2 37. Ne1 g6 38. g3 1-0

[Event "ZMDI-Open 2013"]
[Site "Dresden"]
[Date "2013.08.10"]
[Round "1"]
[White "Schellmann, F."]
[Black "Heberla, B."]
[Result "0-1"]
[WhiteElo "2127"]
[BlackElo "2544"]
[PlyCount "78"]
[EventDate "2013.??.??"]

1. e4 c5 2. c3 d6 3. d4 Nf6 4. Bd3 g6 5. dxc5 d5 6. exd5 Qxd5 7. Nf3 Qxc5 8.
Na3 Bg7 9. Be3 Qa5 10. O-O Nc6 11. Nc4 Qc7 12. Qd2 Nd5 13. Bh6 Bxh6 14. Qxh6
Bg4 15. Be4 O-O-O 16. Ne3 Bxf3 17. Bxf3 Nf6 18. Rfd1 Ne5 19. Be2 Kb8 20. f4
Ned7 21. Rd4 Nc5 22. Rad1 Rxd4 23. Rxd4 Ne6 24. Rb4 a5 25. Rb5 Ne4 26. Nd5 Qd8
27. Bf3 Nd6 28. Rb6 Nf5 29. Qh3 Nxf4 30. Rxb7+ Kxb7 31. Nxf4+ Ka7 32. g4 Ne3
33. Qg3 Qb6 34. Kh1 Rd8 35. Qe1 e5 36. Ng2 e4 37. Nxe3 exf3 38. Nc4 Qc6 39.
Qe3+ Ka6 0-1

[Event "ZMDI-Open 2013"]
[Site "Dresden"]
[Date "2013.08.10"]
[Round "1"]
[White "Schackmann, O."]
[Black "Rozov, B."]
[Result "0-1"]
[WhiteElo "1903"]
[BlackElo "2152"]
[PlyCount "48"]
[EventDate "2013.??.??"]

1. e4 c6 2. Nf3 d5 3. Nc3 dxe4 4. Nxe4 Nf6 5. Nxf6+ gxf6 6. d4 Bg4 7. Be2 Qc7
8. c3 e6 9. Be3 Nd7 10. Qb3 O-O-O 11. O-O-O Nb6 12. g3 h5 13. Bf4 Bd6 14. Bxd6
Qxd6 15. h3 Bxf3 16. Bxf3 h4 17. Rhg1 Rdg8 18. c4 hxg3 19. fxg3 Rxg3 20. Rxg3
Qxg3 21. c5 Nd7 22. Rd3 Rxh3 23. Bxc6 Qg1+ 24. Rd1 Qg5+ 0-1

[Event "ZMDI-Open 2013"]
[Site "Dresden"]
[Date "2013.08.10"]
[Round "1"]
[White "Osterloh, F."]
[Black "Nachtkamp, H."]
[Result "1/2-1/2"]
[WhiteElo "1752"]
[BlackElo "2086"]
[PlyCount "31"]
[EventDate "2013.??.??"]

1. Nf3 Nc6 2. e4 d5 3. exd5 Qxd5 4. Nc3 Qa5 5. h3 Bf5 6. Bc4 e6 7. d3 O-O-O 8.
Bd2 Ne5 9. Nb5 Nxf3+ 10. Qxf3 Qb6 11. a4 a6 12. Be3 Qa5+ 13. Bd2 Qb6 14. Be3
Qa5+ 15. Bd2 Qb6 16. Be3 1/2-1/2

[Event "ZMDI-Open 2013"]
[Site "Dresden"]
[Date "2013.08.10"]
[Round "1"]
[White "Stahr, R."]
[Black "Zienert, R."]
[Result "1-0"]
[WhiteElo "2079"]
[BlackElo "1845"]
[PlyCount "67"]
[EventDate "2013.??.??"]

1. c4 c5 2. Nf3 Nc6 3. d4 cxd4 4. Nxd4 Nf6 5. Nc3 g6 6. e4 Bg7 7. Be3 O-O 8.
Be2 d6 9. O-O a6 10. Rc1 Bd7 11. h3 Rc8 12. Qd2 e6 13. Rfd1 Qe7 14. Nxc6 Bxc6
15. f3 Rfd8 16. Bg5 Qc7 17. Qe3 Qb8 18. a4 b6 19. Rd2 Rd7 20. Rcd1 Nh5 21. g4
Ng3 22. Bd3 d5 23. cxd5 exd5 24. exd5 Re8 25. Qxe8+ Qxe8 26. dxc6 Rd4 27. c7
Qc6 28. Bxa6 Rxd2 29. Rxd2 Qxc7 30. Nd5 Qe5 31. Ne7+ Kh8 32. Rd8+ Bf8 33. Rxf8+
Kg7 34. Rg8# 1-0

[Event "ZMDI-Open 2013"]
[Site "Dresden"]
[Date "2013.08.10"]
[Round "1"]
[White "Richter, S."]
[Black "Glasewald, S."]
[Result "0-1"]
[WhiteElo "1843"]
[BlackElo "2075"]
[PlyCount "82"]
[EventDate "2013.??.??"]

1. e4 c5 2. Nf3 Nc6 3. d4 cxd4 4. Nxd4 Nf6 5. Nc3 e6 6. Nb3 Bb4 7. Bd3 d5 8.
exd5 Nxd5 9. Bd2 Nxc3 10. bxc3 Be7 11. O-O Bd7 12. Rb1 b6 13. Qh5 g6 14. Qe2
Bf6 15. c4 Ne5 16. Bf4 Nxd3 17. cxd3 O-O 18. Nd2 Bc6 19. Rfd1 Ba4 20. Nb3 Re8
21. Qf3 Rc8 22. Be3 Bg7 23. Rdc1 Qxd3 24. c5 Bc6 25. Qg3 Qa6 26. cxb6 axb6 27.
Nd2 b5 28. Qd6 Red8 29. Qe7 Rd7 30. Qb4 Bf8 31. Qb3 b4 32. Qb2 Ra8 33. Nb3 Be4
34. Rd1 Rad8 35. Rxd7 Rxd7 36. Re1 Qc6 37. Rc1 Qa8 38. f3 Bd5 39. Nc5 Ra7 40.
Ne4 Bxe4 41. Bxa7 Qxa7+ 0-1

[Event "ZMDI-Open 2013"]
[Site "Dresden"]
[Date "2013.08.10"]
[Round "1"]
[White "Weißpflog, J."]
[Black "Herbrig, A."]
[Result "0-1"]
[WhiteElo "2037"]
[BlackElo "1766"]
[PlyCount "100"]
[EventDate "2013.??.??"]

1. d4 Nf6 2. c4 e6 3. Nf3 Bb4+ 4. Nbd2 O-O 5. a3 Be7 6. e4 d6 7. Bd3 Nc6 8. h3
e5 9. d5 Nb8 10. Nf1 g6 11. Bh6 Re8 12. g4 Bf8 13. Bg5 Bg7 14. Ne3 Nbd7 15. b4
a5 16. Nd2 b6 17. Nb3 axb4 18. axb4 Bb7 19. Kf1 Qc8 20. Nc2 Nf8 21. Be3 c5 22.
bxc5 bxc5 23. Na3 Ba6 24. Na5 N8d7 25. f3 Qc7 26. Bd2 Rec8 27. Bc2 Nb6 28. Kg2
Kh8 29. Bb3 Ng8 30. Qc2 Ne7 31. h4 f5 32. Rab1 Qd7 33. Qd1 Rf8 34. Bc2 Rab8 35.
Bg5 Bf6 36. Bh6 Rf7 37. Ba4 Qd8 38. Qd2 Nxa4 39. Rxb8 Qxb8 40. Rb1 Qd8 41. Nb7
Bxb7 42. Rxb7 Qc8 43. Ra7 fxg4 44. Qa5 gxf3+ 45. Kxf3 Qh3+ 46. Ke2 Qg2+ 47. Kd3
Nb2+ 48. Kc3 Nd1+ 49. Kb3 Qb2+ 50. Ka4 Nc3+ 0-1

[Event "ZMDI-Open 2013"]
[Site "Dresden"]
[Date "2013.08.10"]
[Round "1"]
[White "Würsig, M."]
[Black "Dümmke, J."]
[Result "1/2-1/2"]
[WhiteElo "1819"]
[BlackElo "2028"]
[PlyCount "99"]
[EventDate "2013.??.??"]

1. e4 d5 2. exd5 Nf6 3. d4 Nxd5 4. Nf3 g6 5. Be2 Bg7 6. O-O O-O 7. Bd2 c5 8. c4
Nc7 9. Bc3 cxd4 10. Bxd4 Nc6 11. Bxg7 Kxg7 12. Qc2 e5 13. Rd1 Qe7 14. Qc3 f6
15. Qe3 Ne6 16. a3 Nf4 17. Nc3 Be6 18. Nd5 Nxe2+ 19. Qxe2 Qf7 20. b4 Rac8 21.
Ne3 Rfd8 22. Rxd8 Rxd8 23. b5 Nd4 24. Nxd4 exd4 25. Rd1 Rd7 26. Nd5 Bxd5 27.
cxd5 Qxd5 28. Qd3 Qe5 29. a4 b6 30. g3 f5 31. f3 h5 32. Kg2 Qd5 33. Rd2 Qc5 34.
Qb3 Re7 35. Qd3 Rd7 36. Qb3 Rd5 37. Rc2 Qd6 38. Qd3 Qe5 39. Re2 Qd6 40. Rc2 Qe7
41. Re2 Qb4 42. Rc2 Rc5 43. Re2 Rc3 44. Qd2 d3 45. Re7+ Kf6 46. Rc7 Rc4 47.
Rc6+ Kg7 48. Rc7+ Kf6 49. Rc6+ Kg7 50. Rc7+ 1/2-1/2

[Event "ZMDI-Open 2013"]
[Site "Dresden"]
[Date "2013.08.10"]
[Round "1"]
[White "Hartmann, T."]
[Black "Schott, V."]
[Result "1-0"]
[WhiteElo "2016"]
[BlackElo "1808"]
[PlyCount "71"]
[EventDate "2013.??.??"]

1. e4 c5 2. Nf3 Nc6 3. d4 cxd4 4. Nxd4 Nf6 5. Nc3 g6 6. Be3 Bg7 7. Nxc6 bxc6 8.
e5 Ng8 9. Bd4 Nh6 10. e6 O-O 11. Bxg7 Kxg7 12. Qd4+ Kg8 13. exd7 Qxd7 14. O-O-O
Qc7 15. Qc5 Be6 16. Nd5 Bxd5 17. Rxd5 Qf4+ 18. Rd2 Ng4 19. g3 Qf6 20. Bg2 Rab8
21. c3 Rb6 22. h3 Qe5 23. Qxe5 Nxe5 24. b3 c5 25. Re1 Re6 26. Re3 Kg7 27. Bd5
Ra6 28. Rxe5 e6 29. Bc4 Rb6 30. Rxc5 Kf6 31. Rd7 Ra8 32. Rcc7 a5 33. Rxf7+ Ke5
34. Ra7 Rd8 35. Rxa5+ Ke4 36. Rf4# 1-0

[Event "ZMDI-Open 2013"]
[Site "Dresden"]
[Date "2013.08.10"]
[Round "1"]
[White "Renger, N."]
[Black "Eilers, J."]
[Result "0-1"]
[WhiteElo "1667"]
[BlackElo "2009"]
[PlyCount "66"]
[EventDate "2013.??.??"]

1. e4 c5 2. Nf3 d6 3. d4 cxd4 4. Nxd4 Nf6 5. Nc3 a6 6. Be3 e5 7. Nb3 Be7 8. f3
Be6 9. Qd2 Nbd7 10. O-O-O b5 11. g4 Nb6 12. Na5 Qc7 13. g5 Nbd7 14. Nd5 Nxd5
15. exd5 Bf5 16. Nc6 Nb8 17. Nxb8 Rxb8 18. Bd3 Bxd3 19. Qxd3 Qc4 20. Qxc4 bxc4
21. f4 f6 22. h4 O-O 23. Rhf1 exf4 24. Bxf4 fxg5 25. Bxg5 Bxg5+ 26. hxg5 Rxf1
27. Rxf1 Rb5 28. Rd1 Kf7 29. Rd4 Kg6 30. a4 Rc5 31. Kd2 Kxg5 32. Ke3 h5 33. Kf3
Kf5 0-1

[Event "ZMDI-Open 2013"]
[Site "Dresden"]
[Date "2013.08.10"]
[Round "1"]
[White "Kießling, A."]
[Black "Thuma, H."]
[Result "1/2-1/2"]
[WhiteElo "1995"]
[BlackElo "1774"]
[PlyCount "32"]
[EventDate "2013.??.??"]

1. Nf3 c5 2. g3 g6 3. Bg2 Bg7 4. O-O Nf6 5. d3 Nc6 6. e4 d6 7. Nc3 O-O 8. Bg5
h6 9. Bd2 Rb8 10. Qc1 Kh7 11. a4 a6 12. Re1 Bd7 13. e5 dxe5 14. Nxe5 Nxe5 15.
Rxe5 b6 16. Re1 e6 1/2-1/2

[Event "ZMDI-Open 2013"]
[Site "Dresden"]
[Date "2013.08.10"]
[Round "1"]
[White "Vorobiov, I."]
[Black "Wolf, A."]
[Result "0-1"]
[WhiteElo "1774"]
[BlackElo "1988"]
[PlyCount "128"]
[EventDate "2013.??.??"]

1. e4 c5 2. d4 cxd4 3. c3 Nf6 4. e5 Nd5 5. cxd4 e6 6. Nc3 Nxc3 7. bxc3 d6 8. f4
dxe5 9. fxe5 Qh4+ 10. g3 Qe4+ 11. Kf2 Qc6 12. Qb3 Qc7 13. Bg2 Be7 14. Ne2 O-O
15. Nf4 Nc6 16. Re1 Na5 17. Qb2 Bd7 18. Rb1 Bc6 19. Bxc6 Qxc6 20. Be3 b6 21.
Rec1 Rac8 22. Qb5 Qe4 23. Qd3 Qxd3 24. Nxd3 f6 25. Kg2 Nc4 26. Bf4 g5 27. exf6
Bxf6 28. Be5 Bxe5 29. Nxe5 Nxe5 30. dxe5 Rc5 31. Re1 Rxc3 32. Rbc1 Rfc8 33.
Rxc3 Rxc3 34. Re2 Kf7 35. Kh3 h5 36. Kg2 g4 37. Kf2 Kg6 38. Ke1 Kf5 39. Kd2 Rc5
40. Kd3 Rxe5 41. Rf2+ Kg6 42. Kd4 Rf5 43. Rc2 Kf6 44. Re2 Ra5 45. Rf2+ Ke7 46.
Kc4 Kd6 47. Re2 Rc5+ 48. Kd4 e5+ 49. Ke4 Ke6 50. Ke3 Rc4 51. Rd2 Ra4 52. Rc2
Kd5 53. Rd2+ Rd4 54. Rc2 Re4+ 55. Kd3 Ra4 56. Rb2 Ra3+ 57. Ke2 Kd4 58. Rc2 e4
59. Rd2+ Rd3 60. Rc2 Re3+ 61. Kd2 Rf3 62. Ke2 e3 63. Rc7 Rf2+ 64. Ke1 Rxa2 0-1

[Event "ZMDI-Open 2013"]
[Site "Dresden"]
[Date "2013.08.10"]
[Round "1"]
[White "Barlage, T."]
[Black "Reiche, N."]
[Result "1-0"]
[WhiteElo "1974"]
[BlackElo "1767"]
[PlyCount "103"]
[EventDate "2013.??.??"]

1. c4 e5 2. g3 Nf6 3. Bg2 Bc5 4. Nf3 d6 5. O-O O-O 6. Nc3 Nc6 7. Na4 Bb6 8. a3
Be6 9. d3 h6 10. b3 Qd7 11. Bb2 Ne7 12. c5 Bxc5 13. Nxc5 dxc5 14. Nxe5 Qb5 15.
Nc4 Nfd5 16. Rb1 Rad8 17. Qc1 b6 18. e4 Nf6 19. a4 Qd7 20. Bxf6 gxf6 21. Qxh6
Ng6 22. Rfd1 f5 23. Qg5 Kg7 24. Ne3 fxe4 25. dxe4 Qe7 26. Nf5+ Bxf5 27. Qxf5
Rd6 28. h4 Rfd8 29. Qg4 Kh6 30. Bf3 Ne5 31. Qh5+ Kg7 32. Be2 f6 33. f4 Ng6 34.
Qf3 Rd4 35. Bd3 Kh6 36. Rb2 c4 37. bxc4 Qa3 38. Rbd2 Rxc4 39. f5 Qc5+ 40. Qf2
Ne5 41. Qxc5 Rxc5 42. Kg2 Rd4 43. Bb1 Rxa4 44. Rd8 Rb4 45. Re8 Rb2+ 46. Kh3
Rcb5 47. Bd3 R5b3 48. Bc4 Nxc4 49. Rd7 Rxg3+ 50. Kxg3 Rb3+ 51. Kf4 Ne5 52. Rh8#
1-0

[Event "ZMDI-Open 2013"]
[Site "Dresden"]
[Date "2013.08.10"]
[Round "1"]
[White "Wong, G."]
[Black "Sturm, F."]
[Result "0-1"]
[WhiteElo "1766"]
[BlackElo "1962"]
[PlyCount "144"]
[EventDate "2013.??.??"]

1. e4 c6 2. d4 d5 3. Nc3 dxe4 4. Nxe4 Nd7 5. Nf3 Ngf6 6. Nxf6+ Nxf6 7. Bd3 Bg4
8. c3 e6 9. Bf4 Bd6 10. Bxd6 Qxd6 11. O-O O-O 12. Be2 Rad8 13. Qb3 Qc7 14. Rfe1
h6 15. h3 Bf5 16. Rad1 Ne4 17. Bd3 Nc5 18. dxc5 Bxd3 19. Nd4 Bg6 20. Qc4 Rd5
21. Qf1 Rfd8 22. b4 e5 23. Ne2 Rd2 24. a4 Ra2 25. Rxd8+ Qxd8 26. Rd1 Rd2 27.
Re1 Bd3 28. f3 Qd5 29. Qf2 Qc4 30. Qe3 Rxe2 31. Rxe2 Bxe2 32. Qxe5 Qe6 33. Qb8+
Kh7 34. Qxb7 a6 35. b5 Bxb5 36. axb5 axb5 37. Kf2 Qd5 38. Qe7 Qd2+ 39. Kf1 Qd3+
40. Qe2 Qxe2+ 41. Kxe2 Kg6 42. g3 Kf5 43. Kd3 g5 44. c4 b4 45. Kc2 Ke5 46. Kb3
Kd4 47. Kxb4 h5 48. h4 gxh4 49. gxh4 f6 50. Kb3 f5 51. f4 Ke4 52. Ka4 Kxf4 53.
Ka5 Ke5 54. Kb6 f4 55. Kxc6 f3 56. Kb5 f2 57. c6 f1=Q 58. c7 Qf5 59. c5 Qc8 60.
Kc6 Kf5 61. Kd6 Kg4 62. Kc6 Kxh4 63. Kd6 Kg5 64. Kc6 h4 65. Kd6 h3 66. Kc6 h2
67. Kb6 h1=Q 68. c6 Qg1+ 69. Kb5 Qxc7 70. Kb4 Qxc6 71. Kb3 Qb1+ 72. Ka3 Qa6#
0-1

[Event "ZMDI-Open 2013"]
[Site "Dresden"]
[Date "2013.08.10"]
[Round "1"]
[White "Pössel, C."]
[Black "Niemann, S."]
[Result "1-0"]
[WhiteElo "1956"]
[BlackElo "1760"]
[PlyCount "53"]
[EventDate "2013.??.??"]

1. d4 Nf6 2. c4 d6 3. Nc3 g6 4. e4 Bg7 5. f3 O-O 6. Be3 e5 7. d5 Ne8 8. Bd3 f5
9. exf5 gxf5 10. Nge2 c6 11. O-O Qh4 12. Qd2 f4 13. Bf2 Qh5 14. Ne4 Kh8 15.
N2c3 Rg8 16. Kh1 Bf6 17. Bg1 Bh4 18. Rfd1 Qh6 19. Bf1 c5 20. a3 Nd7 21. b4 b6
22. bxc5 bxc5 23. Rdb1 Ndf6 24. Rb3 Nh5 25. Rab1 Neg7 26. g4 Nf6 27. Nxd6 1-0

[Event "ZMDI-Open 2013"]
[Site "Dresden"]
[Date "2013.08.10"]
[Round "1"]
[White "Schlegel, K."]
[Black "Klein, G."]
[Result "1-0"]
[WhiteElo "1749"]
[BlackElo "1953"]
[PlyCount "37"]
[EventDate "2013.??.??"]

1. d4 Nf6 2. c4 c5 3. d5 e6 4. Nc3 exd5 5. cxd5 d6 6. e4 g6 7. Nf3 Bg7 8. Bc4
O-O 9. O-O Re8 10. Re1 Bg4 11. h3 Bxf3 12. Qxf3 Nbd7 13. Qg3 Ne5 14. Bb5 Nh5
15. Qe3 Rf8 16. f4 Bh6 17. Qf2 Nd7 18. g4 a6 19. Bf1 1-0

[Event "ZMDI-Open 2013"]
[Site "Dresden"]
[Date "2013.08.10"]
[Round "1"]
[White "Kühnast, V."]
[Black "Schnoor, F."]
[Result "0-1"]
[WhiteElo "1936"]
[BlackElo "1748"]
[PlyCount "56"]
[EventDate "2013.??.??"]

1. e4 c5 2. Nf3 Nc6 3. Bb5 Qb6 4. Bxc6 Qxc6 5. Nc3 e6 6. O-O a6 7. d4 cxd4 8.
Nxd4 Qc7 9. Be3 Nf6 10. f4 b5 11. e5 b4 12. exf6 bxc3 13. fxg7 Bxg7 14. Qg4 Bf6
15. b3 Bb7 16. Nf3 O-O-O 17. Rad1 Rdg8 18. Qh5 Rg6 19. Qc5 Rhg8 20. g3 Qxc5 21.
Bxc5 Rxg3+ 22. hxg3 Rxg3+ 23. Kh2 Rxf3 24. Rxf3 Bxf3 25. Rd6 Be4 26. Rd1 Bxc2
27. Rc1 Be4 28. Bb4 c2 0-1

[Event "ZMDI-Open 2013"]
[Site "Dresden"]
[Date "2013.08.10"]
[Round "1"]
[White "Wiewesiek, T."]
[Black "Nixdorf, A."]
[Result "0-1"]
[WhiteElo "1704"]
[BlackElo "1933"]
[PlyCount "136"]
[EventDate "2013.??.??"]

1. e4 c5 2. Nc3 d6 3. f4 Nc6 4. Nf3 Nf6 5. Bc4 e6 6. d3 Be7 7. O-O O-O 8. Bb3
Qb6 9. Kh1 a6 10. Qe1 Na5 11. Qg3 Qc7 12. e5 Ne8 13. Nd1 Bd7 14. c3 Nxb3 15.
axb3 Qb6 16. Ne3 Rc8 17. Nd2 Qc7 18. Nec4 f6 19. exd6 Nxd6 20. Nxd6 Bxd6 21.
Ne4 Be7 22. Be3 f5 23. Ng5 Rf6 24. d4 Rg6 25. h4 c4 26. Qf2 Bb5 27. bxc4 Qxc4
28. Nf3 Qd5 29. Ne5 Rh6 30. Nf3 Bxf1 31. Rxf1 b5 32. g3 Rf6 33. Kg1 Bd6 34. Ne5
Bxe5 35. dxe5 Rf7 36. Ra1 Rc6 37. Qg2 Qxg2+ 38. Kxg2 Rd7 39. Bd4 b4 40. Rb1 Rb7
41. Rd1 Kf7 42. Kf3 h5 43. Ke2 bxc3 44. Bxc3 Ke7 45. Ra1 Rb5 46. Ra4 Kd7 47.
Rd4+ Kc7 48. Ke3 a5 49. Ke2 Ra6 50. Rc4+ Kb7 51. Rd4 Rd5 52. Rc4 Rc6 53. Ra4
Kb6 54. Ra3 Rc4 55. Rb3+ Rb5 56. Ra3 a4 57. Kd3 Kc5 58. Ra1 Rb7 59. Kc2 Rd7 60.
Rf1 Re4 61. Rf3 Kc4 62. Kb1 Rd3 63. Rf1 Kb3 64. Ba5 Red4 65. Kc1 Rc4+ 66. Kb1
Rc2 67. Bc3 a3 68. Bd4 axb2 0-1

[Event "ZMDI-Open 2013"]
[Site "Dresden"]
[Date "2013.08.10"]
[Round "1"]
[White "Keeve, M."]
[Black "Bregenzer, M."]
[Result "1-0"]
[WhiteElo "1932"]
[BlackElo "1740"]
[PlyCount "83"]
[EventDate "2013.??.??"]

1. d4 Nf6 2. c4 c5 3. d5 b5 4. Nf3 d6 5. e3 bxc4 6. Bxc4 g6 7. Nc3 Bg7 8. O-O
O-O 9. Qe2 Bg4 10. h3 Bxf3 11. Qxf3 Nbd7 12. Rb1 Ne5 13. Qe2 Nxc4 14. Qxc4 a6
15. Bd2 Qd7 16. b4 Rfc8 17. b5 axb5 18. Rxb5 Rcb8 19. Rfb1 Qd8 20. a4 Nd7 21.
Rxb8 Rxb8 22. Rxb8 Qxb8 23. Nb5 Nb6 24. Qa2 Qa8 25. a5 c4 26. e4 c3 27. Nxc3
Bxc3 28. Bxc3 Qa6 29. Bd4 Nd7 30. Qa4 Nf6 31. Bc3 Kf8 32. Qc6 Qxc6 33. dxc6 Ne8
34. a6 Nc7 35. a7 Ke8 36. Ba5 Na8 37. Kf1 e6 38. Ke2 f5 39. f3 fxe4 40. fxe4 d5
41. Kd3 Ke7 42. e5 1-0

[Event "ZMDI-Open 2013"]
[Site "Dresden"]
[Date "2013.08.10"]
[Round "1"]
[White "Udet, F."]
[Black "Mühle, H."]
[Result "1-0"]
[WhiteElo "1711"]
[BlackElo "1927"]
[PlyCount "65"]
[EventDate "2013.??.??"]

1. e4 e5 2. f4 exf4 3. Nf3 g5 4. h4 g4 5. Ne5 Nf6 6. d4 Qe7 7. Bxf4 d6 8. Nd3
Qxe4+ 9. Qe2 Qxe2+ 10. Bxe2 Nc6 11. c3 Nh5 12. O-O Be6 13. Nd2 O-O-O 14. d5
Nxf4 15. Nxf4 Bd7 16. dxc6 bxc6 17. Ba6+ Kb8 18. Rae1 d5 19. Nb3 Bd6 20. Nh5 f5
21. Nf6 Rhf8 22. Nxd7+ Rxd7 23. Rxf5 Rdd8 24. Rxf8 Rxf8 25. Rf1 Re8 26. Nd4 Bc5
27. b4 Bb6 28. Kh2 Bxd4 29. cxd4 c5 30. bxc5 c6 31. Rf7 Re4 32. Rb7+ Ka8 33.
Rxh7 1-0

[Event "ZMDI-Open 2013"]
[Site "Dresden"]
[Date "2013.08.10"]
[Round "1"]
[White "Leimeister, W."]
[Black "Koenig, J."]
[Result "0-1"]
[WhiteElo "1920"]
[BlackElo "1705"]
[PlyCount "56"]
[EventDate "2013.??.??"]

1. d3 d5 2. Nf3 Nf6 3. Nbd2 Bg4 4. c3 e6 5. Ne5 Bf5 6. g4 Bg6 7. h4 h5 8. g5
Nfd7 9. Nxg6 fxg6 10. Bh3 e5 11. Qa4 c6 12. Nf3 Bd6 13. Be3 O-O 14. Qc2 Qe7 15.
Rf1 a5 16. Kd2 Kh7 17. Ne1 Nc5 18. Ng2 Ne6 19. f3 Nd7 20. Bg1 Nf4 21. Nxf4 Rxf4
22. Bf2 e4 23. fxe4 dxe4 24. e3 exd3 25. Qxd3 Nc5 26. Qe2 Ne4+ 27. Ke1 Rxf2 28.
Rxf2 Bg3 0-1